Normal view
MARC view
- Gaál Rodríguez, Fernando
Entry Nombre Personal
001 - NUMERO DE CONTROL
- campo de control: 42268
003 - IDENTIFICADOR DE NUMERO DE CONTROL
- campo de control: UPN
005 - FECHA Y HORA DE LA ÜLTIMA TRANSACCIÓN
- campo de control: 20210219194617.0
008 - DATOS DE LONGITUD FIJA
- campo de control de longitud fija: nabaccnnaabn|||||||||| b |nc|||||d
035 ## - NUMERO DE CONTROL
- Número de control: UPN11000014375
040 ## - FUENTE DE CATALOGACIÓN
- Lenguaje de catalogación: SPA
- Agencia de transcripción: UPN
100 1# - ENCABEZAMIENTO - NOMBRE PERSONAL
- Nombre personal: Gaál Rodríguez, Fernando
670 ## - FUENTE EN LA QUE SE LOCALIZARON DATOS
- Cita de la fuente: T
- Uniform Resource Identifier: https://www.uam.mx/cdi/pdf/eventos/encuentroiii_reir/semblanza_presidium.pdf
680 ## - NOTA PUBLICA DE ACCESO PÚBLICO
- Frase explicativa de la referencia: Licenciado en Psicología por la Universidad Autónoma Metropolitana Xochimilco y Maestro en Cooperación Internacional para el Desarrollo por el Instituto de Investigaciones José María Luis Mora
902 ## - CATALOGADOR
- Catalogador: MCM/150219
